The world book encyclopeidia dictionary / (Registro nro. 13094)

Detalles MARC
000 -LIDER
fixed length control field 00479nam a22001697a 4500
003 - IDENTIFICACDOR DE NÚMERO DE CONTROL
control field DO-SdBNP
005 - DATE AND TIME OF LATEST TRANSACTION
control field 20171124131656.0
008 - ELEMENTOS DE LONGITUD FIJA
fixed length control field 171124b us1962u||||| |||| 00| 0 spa d
040 ## - FUENTE DE CATALOGACIÓN
Agencia que crea de manera original el registro BPMSU
Idioma de catalogación spa
Agencia que realiza la transcripción BPMSU
245 ## - MENCIÓN DE TITULO
Título The world book encyclopeidia dictionary /
Mención de responsabilidad editor Clarence L. Barnhart
300 ## - DESCRIPCIÓN FÍSICA
Extensión 2v.
500 ## - NOTA GENERAL
Nota general La biblioteca posee v.1
505 ## - NOTA DE CONTENIDO
Información miscelánea v.1.
Título A-K
700 ## - ASIENTO SECUNDARIO -- NOMBRE PERSONAL
Nombre personal Barnhart, Clarence L.
Mención de responsabilidad editor
942 ## - ADDED ENTRY ELEMENTS (KOHA)
Source of classification or shelving scheme Dewey Decimal Classification
Koha item type Libros
945 ## - INFORMACIÓN DE PROCESAMIENTO LOCAL
Información de procesamiento local Inventariado, 2017/MFF
Existencias
Withdrawn status Lost status Source of classification or shelving scheme Damaged status Not for loan Collection code Home library Current library Date acquired Total Checkouts Barcode Date last seen Price effective from Koha item type
    Dewey Decimal Classification     Colección General Biblioteca Pública Metropolitana Salomé Ureña Biblioteca Pública Metropolitana Salomé Ureña 11/24/2017   BPMSU17110426 11/24/2017 11/24/2017 Libros